000 00579nam 22002053 4500
001 199566
090 _a199566
100 _a20251216d u||y0pory50 ba
200 _aO homem do futuro
_fPaul Lengrand
210 _aLisboa
_cMoraes
_d1986
215 _a94, [1] p.
_cencadernado
_d20 cm
225 _aPsicologia e Pedagogia
606 _95170
_aCiências Sociais Educação
610 _aMétodos--Técnicas--Educação
675 _a37
_vPT
_zpor
675 _a159.9
_vPT
_zpor
700 _915390
_aLengrand
_bPaul
_f1910-2003
801 _aPT
_bBMMN
_gRPC
830 _cAna
_fAna
990 _cLIVROS